000 00775nam a2200217Ia 4500
001 7343
003 GE_BSU
008 181216s||||||||xx |||||||||||||| ||und||
020 _a9992829001
040 _cGE_BSU
080 _a821.353.1
100 _aღვინჯილია ჯანსუღ
245 _aთხზულებანი 4 ტომად.
245 _bტ. 1. ღვთისმშობლის წილხვედრილი ქვეყანა. ქართველი კაცის სინამდვილე.
260 _aთბილისი.
260 _bსაქართველო.
260 _c2001.
300 _a848 გვ.; 22 სმ.;
653 _aთხზულებანი 4 ტომად.
942 _cBK
999 _c40707
_d40707